Formas de volver a casa / (Registro nro. 16314)

Detalles MARC
000 -CABECERA
Campo de control de longitud fija 01009nam a2200301 i 4500
003 - IDENTIFICADOR DEL NÚMERO DE CONTROL
Campo de control CL-SaCFP
005 - FECHA Y HORA DE LA ÚLTIMA TRANSACCIÓN
Campo de control 20260210160157.0
008 - CÓDIGOS DE INFORMACIÓN DE LONGITUD FIJA
Campo de control de longitud fija 160711t20162011amc 000 1dspa
020 ## - NÚMERO INTERNACIONAL NORMALIZADO PARA LIBROS (ISBN)
Número Internacional Normalizado para Libros (ISBN) 9788433977434
040 ## - FUENTE DE LA CATALOGACIÓN
Centro transcriptor CL
082 04 - NÚMERO DE LA CLASIFICACIÓN DECIMAL DEWEY
Número de clasificación Ch863 Z24 2016
Número de edición 21
100 1# - PUNTO DE ACCESO PRINCIPAL - NOMBRE DE PERSONA
Nombre de persona Zambra, Alejandro,
Fechas asociadas al nombre 1975-
Término indicativo de función autor
245 10 - MENCIÓN DE TÍTULO
Título Formas de volver a casa /
Mención de responsabilidad etc. Alejandro Zambra.
250 ## - MENCIÓN DE EDICIÓN
Mención de edición Tercera edición en Chile "Compactos": junio 2016.
264 #1 - PRODUCTION, PUBLICATION, DISTRIBUTION, MANUFACTURE, AND COPYRIGHT NOTICE
Lugar de producción publicación distribución fabricación Barcelona :
Nombre del de productor editor distribuidor fabricante Editorial Anagrama S.A.,
Fecha de de producción publicación distribución fabricación o copyright 2016.
264 #3 - PRODUCTION, PUBLICATION, DISTRIBUTION, MANUFACTURE, AND COPYRIGHT NOTICE
Lugar de producción publicación distribución fabricación Chile :
Nombre del de productor editor distribuidor fabricante Salesianos Impresores S.A.,
Fecha de de producción publicación distribución fabricación o copyright 2016.
264 #4 - PRODUCTION, PUBLICATION, DISTRIBUTION, MANUFACTURE, AND COPYRIGHT NOTICE
Fecha de de producción publicación distribución fabricación o copyright 2011
300 ## - DESCRIPCIÓN FÍSICA
Extensión 164 páginas ;
Dimensiones 21 cm.
336 ## - TIPO DE CONTENIDO
Término de tipo de contenido texto
Código de tipo de contenido txt
Fuente rdacontent
337 ## - TIPO DE MEDIO
Nombre del tipo de medio no mediado
Código del tipo de medio n
Fuente rdamedia
338 ## - TIPO DE SOPORTE
Nombre del tipo de soporte volumen
Código del tipo de soporte nc
Fuente rdacarrier
490 1# - MENCIÓN DE SERIE
Mención de serie Colección Compactos ;
Designación de volumen o secuencia no. 640
505 0# - NOTA DE CONTENIDO CON FORMATO
Nota de contenido con formato Personajes secundarios -- La literatura de los padres -- La literatura de los hijos -- Estamos bien.
650 #7 - PUNTO DE ACCESO ADICIONAL DE MATERIA - TÉRMINO DE MATERIA
Término de materia o nombre geográfico como elemento inicial Novelas chilenas
830 #0 - PUNTO DE ACCESO ADICIONAL DE SERIE - TÍTULO UNIFORME
Título uniforme Colección Compactos ;
Designación de volumen o secuencia 640
942 ## - ENTRADA PARA ELEMENTOS AGREGADOS (KOHA)
Fuente de clasificación o esquema de ordenación en estanterías Dewey Decimal Classification
Koha [por defecto] tipo de item Libros
949 ## - LOCAL PROCESSING INFORMATION (OCLC)
a c
b n
Existencias
Suprimido Estado de pérdida Fuente de clasificación o esquema de ordenación en estanterías Estropeado No para préstamo Código de colección Localización permanente Localización actual Fecha de adquisición Préstamos totales Signatura completa Código de barras Fecha última consulta Número de ejemplar Fecha del precio de reemplazo Tipo de item de Koha
    Dewey Decimal Classification     Colección General Biblioteca Central Biblioteca Central 10/02/2026   Ch863 Z24 2016 3563000054724 10/02/2026 c.1 10/02/2026 Libros